Alexander Cimbaľák: Change is up to you. Zmena je na vás

Bibliographic Details
Main Author: Žitňanský, Eduard, 1952-2022 (Author)
Format: Article
Language:Slovak
PhysicalDescription:Fotogr.
ISSN:1335-4620
Subjects:

MARC

LEADER 00000nab a2200000 ar4500
001 vtls009004801
003 SK-MaSNL
005 20260303065647.0
008 070703c2007 xo er|p|||||||000 b|slo
015 |a SNBRB2007/07  |2 snkbucl 
038 |a SNKBUCL 
040 |a SNKBUCL  |b slo  |c SNKBUCL  |e AACR2 
041 0 |a slo 
044 |a xo  |c SK 
080 |a 658-051  |2 2001 
080 |a 929 Cimbaľák, Alexander  |2 2001 
245 0 0 |a Alexander Cimbaľák: Change is up to you. Zmena je na vás  |c spracoval Eduard Žitňanský 
300 |b Fotogr. 
600 1 7 |a Cimbaľák, Alexander  |2 snkbucl  |9 1066024 
700 1 |a Žitňanský, Eduard,  |d 1952-2022  |4 aut  |9 110414 
773 0 |t Profit  |g Č. 13 (2007), s. 30-31  |x 1335-4620 
852 |a SNK  |b KIS3GCP 
958 |a BX 
999 |c 1752094  |d 1754024